Name that band - Statistics

General Stats
  • This quiz has been taken 44 times
  • The average score is 6 of 18
Answer Stats
Hint Answer % Correct
John, Paul, Ringo ,George The Beatles
95%
Niall, Zayn, Louis, Liam ,Harry One Direction
65%
Victoria, Mel.C, Mel.B ,Emma, Geri Spice Girls
65%
Howie ,AJ ,Nick, Brian, Kevin Backstreet Boys
48%
Justin, Joey ,Chris, JC, Lance NSYNC
43%
Shane ,Keith, Steven, Mikey, Ronan Boyzone
28%
Nadine, Cheryl, Nicola, Kimberley, Sarah Girls Aloud
28%
Shane, Nicky, Mark ,Kian, Brian Westlife
28%
Chris ,Will, Guy, Jonny Coldplay
25%
Rachel ,Jo ,Jon ,Paul, Hannah, Bradley, Tina S Club 7
25%
Gary, Jason ,Howard ,Robbie ,Mark Take That
23%
Jared, Tomo, Shannon 30 Seconds to mars
20%
Jay, Nathan, Siva, Max ,Tom The Wanted
20%
Tom ,Danny ,Dougie ,Harry Mcfly
18%
Una, Molly, Rochelle, Vanessa, Frankie The Saturdays
18%
Charlie ,Matt, James Busted
15%
Joel, Andy, Adam ,Ryan Lawson
10%
Tony, Martin ,Gary, Steve ,John Spandau Ballet
10%
No matching quizzes found
Score Distribution
Percent of People with Each Score
Percentile by Number Answered
Your Score History
You have not taken this quiz